000
00312nam a2200133Ia 4500
005
20251222155118.0
008
251222s9999||||xx |||||||||||||| ||spa||
082
_a
ETI.119
100
_a
PANGRAZZI,Arnaldo.
245
0
_a
Girasoles junto a los sauces
250
_a
1ra. ed.
264
_b
Salterrae
942
_c
LIB
999
_c
38336
_d
38336